Normal view
MARC view
- JUNAID,UZAIR,BILAL
Entry Personal Name
001 - CONTROL NUMBER
- control field: 72242
003 - CONTROL NUMBER IDENTIFIER
- control field: NUST
005 - DATE AND TIME OF LATEST TRANSACTION
- control field: 20210628204748.0
008 - FIXED-LENGTH DATA ELEMENTS
- fixed length control field: 210628|| aca||aabn | a|a d
040 ## - CATALOGING SOURCE
- Original cataloging agency: NUST
- Transcribing agency: NUST
100 ## - HEADING--PERSONAL NAME
- Personal name: JUNAID,UZAIR,BILAL
670 ## - SOURCE DATA FOUND
- Source citation: Work cat.: (NUST): JUNAID,UZAIR,BILAL, PR-SOF-1157-DESIGNING MANUFACTURING AND TESTING OF AN OLYMPIC KAYAK, 2012
